• 首页
  • 本馆介绍
  • 公告通知
  • 最新文献
  • 馆藏检索
  • 电子资源
  • 读者导购
  • 参考咨询
  • 我的图书馆
  • 登录
  • 详细信息显示
  • 放入我的书架
  • 预约/预借图书
  • 作者相关作品
  • 分类相关作品
  • 丛书相关作品
  • 出版社相关作品

书目信息

  • 表格格式
  • 工作单格式
  • 卡片格式
题名:
清代绘画史
    
 
作者: 薛永年 , 杜娟 著
分册:  
出版信息: 北京   人民美术出版社  2000
页数: 271页
开本: 21cm
丛书名: 中国绘画断代史丛书
单 册:
中图分类: J209.249
科图分类:
主题词: 绘画史--中国--清代 , 绘画史
电子资源:
ISBN: 7-102-02180-1
000 00874oam2 2200277 450
001 0900000005460
005 20051205104921.85
010    @a7-102-02180-1@dCNY26.50
092    @aCN
100    @a20040614d2000 ekmy0chiy0120 ea
101 0  @achi
102    @aCN@b110000
105    @aa z 000yy
200 1  @a清代绘画史@9qing dai hui hua shi@f薛永年,杜娟著@Fxue yong nian,du juan zhu
210    @a北京@c人民美术出版社@d2000
215    @a271页@c图@d21cm
225 2  @a中国绘画断代史丛书
330    @a本书主要包括:清代初期的绘画、清代中后期的绘画、清代晚期的绘画、清代的壁画、版画、年画与石印画报四章内容。
410  0 @12001 @a中国绘画断代史丛书
606 0  @a绘画史@y中国@z清代
606 0  @a绘画史
690    @aJ209.249@v4
701  0 @a薛永年@Axue yong nian@4著
701  0 @a杜娟@Adu juan@4著
801  0 @aCN@bCXYBOOK@c20051205
905    @a10447@dJ209.249@e328
    
    清代绘画史/薛永年,杜娟著.-北京:人民美术出版社,2000
    271页:图;21cm.-(中国绘画断代史丛书)
    
    
    ISBN 7-102-02180-1:CNY26.50
    本书主要包括:清代初期的绘画、清代中后期的绘画、清代晚期的绘画、清代的壁画、版画、年画与石印画报四章内容。
●
相关链接 在E读中查询图书 在五车中查询图书 在当当中查询图书 在豆瓣中查询图书


正题名:清代绘画史     索取号:J209.249/328         预约/预借

序号 登录号 条形码 馆藏地/架位号 状态 备注
1 0370029   203700290   第一样本阅览室/ [索取号:J209.249/328] 在馆    
2 0370030   203700307   第一借阅区/ [索取号:J209.249/328] 在馆    
3 0370031   203700316   第一借阅区/ [索取号:J209.249/328] 在馆    
4 0370032   203700325   第一借阅区/ [索取号:J209.249/328] 在馆    
5 0370033   203700334   第一借阅区/ [索取号:J209.249/328] 在馆    
唐山师范学院图书馆 欢迎您!
大连网信软件有限公司© 版权所有